| 000 | 00634nam a2200241Ia 4500 | ||
|---|---|---|---|
| 001 | 51319 | ||
| 005 | 20240114005223.0 | ||
| 007 | ta | ||
| 008 | 090619s2007 g b000 u 465 u | ||
| 040 | _aCotton College,Assam | ||
| 041 | _a465 | ||
| 082 |
_a001 _bDEv |
||
| 100 | _aDevi Pani, Sistla Rama . | ||
| 245 | 0 |
_aUniversity News Vol 45 / _cSistla Rama Devi Pani. _hTextual Documents |
|
| 250 | _a1st / | ||
| 260 |
_aNew Delhi : _bAssociation of Indian Universities , _c2007. |
||
| 300 | _c32 cm. | ||
| 653 | _aJournals | ||
| 653 | _aBV-General | ||
| 942 |
_2ddc _cBK |
||
| 999 |
_c51284 _d51284 |
||